000 00968nam a22002177a 4500
999 _c18763
_d18763
003 AR-CdUCM
008 190318b ||||| |||| 00| 0 spa d
040 _aMUNICIPALIDAD PROVINCIAL DEL CUSCO
_cBIBLIOTECA MUNICIPAL DEL CUSCO
082 _a353.091 /
_bB35
100 _aBelaunde Terry, Fernando
_93676
245 _aEl Perú construye :
_bmensaje presentado al Congreso Nacional por el Arquitecto Fernando Belaunde Terry Presidente Constitucional de la República. Lima, 28 de julio de 1965 /
260 _aLima:
_bMinerva,
_c1965.
300 _a794 páginas ;
_bilustraciones ;
_c22 cm.
505 _aContenido : Orden Jurídico, política interna y externa -- Promoción y desarrollo económica de la república -- Promoción social, cultural y sanitaria -- Defensa nacional.
650 _aPresidentes del Perú
_92236
650 _aHistoria
_9136
650 _aDocumentos
_97186
650 _aPolitica
_9291
942 _2ddc
_cLIBROS
945 _apjha
_d2019-05-17